Inseln mit Anfangsbuchstabe F - Statistiken

Allgemein
  • Dieses Quiz wurde 55 mal gespielt
  • Das Durchschnittsergebnis liegt bei 5 aus 12
Antwortstatistiken
Hinweise Antwort % Korrekt
Bis 2029 soll von der drittgrößten deutschen Insel aus ein Tunnel unter den Belt hindurch befahrbar sein. Jimi Hendrix gab hier sein letztes Konzert. Fehmarn
81%
Fünftgrößte Insel Deutschlands mit sprechenden Grabsteinen und Friesenmuseum. Föhr
79%
Die "große Glückselige" und älteste der Kanareninseln ist bei (Wind-)Surfern sehr beliebt. Fuerteventura
75%
Der Massentourismus der kleinen Baleareninsel 9 km südlich von Ibiza konzentriert sich auf den Ort Es Pujols. Formentera
69%
Zentral gelegene dänische Insel mit etwa einer halben Million Einwohnern. Hans Christian Andersen stammte von hier. Fünen
52%
Hauptinsel des gleichnamigen von Magellan so benannten Archipels. Zudem größte Insel Südamerikas. Feuerland
50%
Bildet zusammen mit Wallis ein französisches Überseeterritorium und ist geteilt zwischen den Königreichen Alo und Sigave. Futuna
38%
Nahe des südlichsten Punkts Dänemarks fährt von Gedser aus eine Fähre nach Rostock. Falster
25%
Die zu Kap Verde gehörende "Insel des Feuers" ist eine der aktivsten Vulkaninseln der Erde. Fogo
17%
Die wegen der vielen Hortensienhecken "blaue Insel" genannte Azoren-Insel ist Kabelknotenpunkt zwischen USA und Europa. Faial
15%
Wegen einer einst nur hier vorkommenden Menschen-Art und ungewöhnlichen traditionellen Instrumenten ist die Sunda-Insel bei Paläoanthropologen und Musikologen sehr beliebt. Flores
8%
Die abgelegenste der Shetland-Inseln ist der einzige Ort, an dem noch der julianische Kalender gilt (Neujahr ist am 13. Januar). Foula
2%
Keine übereinstimmenden Quizze gefunden
Verteilung der Resultate
Anzahl Personen mit jedem Resultat
Perzentil nach korrekt beantworteten Fragen
Ihre Resultats-Entwicklung
Sie haben dieses Quiz noch nicht gespielt